Croatian agriculture at the crossroads (the country position paper of the Republic of Croatia) /

Guardado en:
Autor Principal: Basic, Ferdo.
Formato: Libro
Idioma:English
Publicado: Zagreb : Ministry of Agriculture and Forestry, 1996.
Etiquetas: Agregar Etiqueta
Sin Etiquetas, Sea el primero en etiquetar este registro!
LEADER 00568nam a22001575a 4500
001 EEA.libagro005803
005 20161005130737.0
008 130809s1996####xx#a##########000#0#eng#d
020 |a 953966201X 
082 0 4 |a 630.94972 
082 0 4 |a 338.184972 
100 1 |a Basic, Ferdo. 
245 0 0 |a Croatian agriculture at the crossroads (the country position paper of the Republic of Croatia) /  |c Ferdo Basic ... [et al.]. 
260 |a Zagreb :  |b Ministry of Agriculture and Forestry,  |c 1996. 
300 |a 152 p. :  |b il. ;  |c 25 cm. 
859 |a AR-BbBCA  |b BIB. AGRONOMIA  |h 630.94972  |i B311  |p 1998/3147